Æquitas, Æqualitas, Auctoritas. Raison théorique et légitimation de l'autorité dans le XVIe siècle européen = Theoretical reason and Legitimation of Authority in XVIth Century Europe.
محفوظ في:
| المؤلف الرئيسي: | |
|---|---|
| التنسيق: | كتاب |
| اللغة: | الإنجليزية |
| منشور في: |
Paris, France:
Libraire Philosophique J. Vrin,
1992.
|
| سلاسل: | De Petrarque à Descartes, LIV.
|
| الموضوعات: | |
| الوسوم: |
إضافة وسم
لا توجد وسوم, كن أول من يضع وسما على هذه التسجيلة!
|
MARC
| LEADER | 00000nam a22000007a 4500 | ||
|---|---|---|---|
| 003 | CL-VaPUC | ||
| 005 | 20220822114443.0 | ||
| 008 | 220328t1992 ||||| |||| 00| 0 eng d | ||
| 999 | |c 435145 |d 435143 | ||
| 040 | |c Pontificia Universidad Católica de Valparaíso | ||
| 082 | 7 | |a 320.094 LET 1992 |2 22 | |
| 100 | |a Letocha, Danièle |9 867737 |e auteur | ||
| 245 | |a Æquitas, Æqualitas, Auctoritas. |b Raison théorique et légitimation de l'autorité dans le XVIe siècle européen = Theoretical reason and Legitimation of Authority in XVIth Century Europe. | ||
| 260 | |a Paris, France: |b Libraire Philosophique J. Vrin, |c 1992. | ||
| 300 | |a XVIII, 359 páginas. | ||
| 490 | |a De Petrarque à Descartes, LIV. | ||
| 500 | |a c.1 Donación Familia Prof. Alejandro Guzmán Brito. | ||
| 583 | |c 20220328 |k Yessy Stephany Diaz Vidal | ||
| 650 | |a Autoridad |x Historia |y Siglo 16 |x Congresos |9 870070 | ||
| 942 | |2 ddc |c BK |n 0 | ||
| 952 | |0 0 |1 0 |2 ddc |4 0 |6 320_094000000000000_LET_1992 |7 0 |8 C_AGB |9 582166 |a BIBDER |b BIBDER |d 2022-03-28 |e Donación |i 5650404 |o 320.094 LET 1992 |p 5650404 |r 2023-01-25 |t 1 |w 2022-03-28 |y BK_US |k AGB | ||